00488nam a2200205Ia 4500008004100000020001800041050001600059100002200075245001900097245002500116260001500141260001600156260000900172300001500181300002600196300001000222300003600232440000600268500000800274170918s9999 xx 000 0 und d a9780545642880 bS857mi 2014 aStilton, Geronimo 4aThe cat gang / cby Geronimo Stilton. aNew York : bScholastic, c2014 a76 pages : bcolor illustrations ; c14cm. eGeronimo Stilton Mini Mystery ; a4 a590